Daniel Dennett : examen de conscience (notice n° 2071617)
[ vue normale ]
| 000 -LEADER | |
|---|---|
| fixed length control field | 00578cam a2200193 4500500 |
| 005 - DATE AND TIME OF LATEST TRANSACTION | |
| control field | 20260405003851.0 |
| 041 ## - LANGUAGE CODE | |
| Language code of text/sound track or separate title | fre |
| 042 ## - AUTHENTICATION CODE | |
| Authentication code | dc |
| 100 10 - MAIN ENTRY--PERSONAL NAME | |
| Personal name | Fraenckel, Lev |
| Relator term | author |
| 245 00 - TITLE STATEMENT | |
| Title | Daniel Dennett : examen de conscience |
| 260 ## - PUBLICATION, DISTRIBUTION, ETC. | |
| Date of publication, distribution, etc. | 2024.<br/> |
| 500 ## - GENERAL NOTE | |
| General note | 70 |
| 690 ## - LOCAL SUBJECT ADDED ENTRY--TOPICAL TERM (OCLC, RLIN) | |
| Topical term or geographic name as entry element | Cerveau |
| 690 ## - LOCAL SUBJECT ADDED ENTRY--TOPICAL TERM (OCLC, RLIN) | |
| Topical term or geographic name as entry element | Conscience |
| 690 ## - LOCAL SUBJECT ADDED ENTRY--TOPICAL TERM (OCLC, RLIN) | |
| Topical term or geographic name as entry element | Daniel Dennett |
| 690 ## - LOCAL SUBJECT ADDED ENTRY--TOPICAL TERM (OCLC, RLIN) | |
| Topical term or geographic name as entry element | Lev Fraenckel |
| 786 0# - DATA SOURCE ENTRY | |
| Note | Philosophie magazine | 182 | 9 | 2024-09-01 | p. 56-57 | 1951-1787 |
| 856 41 - ELECTRONIC LOCATION AND ACCESS | |
| Uniform Resource Identifier | <a href="https://shs.cairn.info/magazine-philosophie-magazine-2024-9-page-56?lang=fr&redirect-ssocas=7080">https://shs.cairn.info/magazine-philosophie-magazine-2024-9-page-56?lang=fr&redirect-ssocas=7080</a> |
Pas d'exemplaire disponible.




Réseaux sociaux